[Event "MP 2010-2011"]
[Site "?"]
[Date "2011.02.15"]
[Round "8.6"]
[White "Tylecek, Svatopluk"]
[Black "Mladejovsky, Miroslav"]
[Result "1/2-1/2"]
[WhiteElo "1636"]
[BlackElo "1712"]
[PlyCount "53"]
[EventDate "2010.10.20"]

1. e4 e5 2. Nf3 Nc6 3. d4 exd4 4. Nxd4 Bc5 5. Nxc6 Qf6 6. Qe2 Qxc6 7. Nc3 Ne7
8. Be3 O-O 9. Bxc5 Qxc5 10. Qc4 Qxc4 11. Bxc4 a6 12. Nd5 Nxd5 13. exd5 b5 14.
Bb3 Re8+ 15. Kd2 Bb7 16. Rhe1 d6 17. g3 Kf8 18. a3 Re5 19. Rxe5 dxe5 20. Ke3 f5
21. Rd1 Rd8 22. Rd2 Ke7 23. h4 Kd6 24. c4 Kc5 25. cxb5 axb5 26. Rc2+ Kb6 27.
Rd2 1/2-1/2

[Event "MP 2010-2011"]
[Site "?"]
[Date "2011.02.15"]
[Round "8.8"]
[White "Malina, Roman"]
[Black "Szabo, Pavel"]
[Result "1/2-1/2"]
[WhiteElo "1100"]
[BlackElo "1658"]
[PlyCount "22"]
[EventDate "2010.10.20"]

1. Nc3 e5 2. Nf3 Nc6 3. d4 d6 4. dxe5 dxe5 5. Qxd8+ Kxd8 6. e4 f6 7. Be3 Be6 8.
O-O-O+ Kc8 9. a3 a6 10. h3 g6 11. g4 h6 1/2-1/2

[Event "MP 2010-2011"]
[Site "?"]
[Date "2011.03.01"]
[Round "9.2"]
[White "Cizek, Ondrej"]
[Black "Herman, Pavel"]
[Result "1-0"]
[WhiteElo "1845"]
[BlackElo "1816"]
[PlyCount "60"]
[EventDate "2010.10.20"]

1. e4 d6 2. d4 Nf6 3. Nc3 g6 4. Bd3 Bg7 5. Nge2 O-O 6. O-O c6 7. f4 Qb6 8. h3
Nbd7 9. Kh2 e5 10. dxe5 dxe5 11. Ng3 exf4 12. Rxf4 Qc7 13. Qf1 b5 14. Be3 g5
15. Rf5 h6 16. Qe2 Ne5 17. Rf2 Neg4+ 18. hxg4 Nxg4+ 19. Kg1 Qxg3 20. Rf3 Qh2+
21. Kf1 Qh1+ 22. Bg1 Bd4 23. Ke1 Qxg1+ 24. Rf1 Qe3 25. Rf3 Qg1+ 26. Rf1 Qh2 27.
Qf3 Ne5 28. Qe2 Bg4 29. Qd2 Qg3+ 30. Rf2 Be3 1-0

[Event "MP 2010-2011"]
[Site "?"]
[Date "2011.03.01"]
[Round "9.5"]
[White "Krivanek, Vladimir"]
[Black "Salek, Josef"]
[Result "0-1"]
[WhiteElo "1755"]
[BlackElo "1807"]
[PlyCount "70"]
[EventDate "2010.10.20"]

1. d4 d5 2. c4 Nf6 3. Nc3 e6 4. Bg5 Be7 5. e3 O-O 6. Nf3 Nc6 7. Be2 a6 8. O-O
Ne8 9. Bf4 g6 10. Re1 Nf6 11. h3 Kg7 12. g4 Bd6 13. Ne5 Ne7 14. c5 Bxe5 15.
Bxe5 g5 16. f4 Kg6 17. Bd3+ Ne4 18. Nxe4 dxe4 19. Bxe4+ f5 20. Bg2 gxf4 21.
gxf5+ exf5 22. Bxf4 Nd5 23. Bxd5 Qxd5 24. Bxc7 Bd7 25. Re2 Bc6 26. Rh2 Rac8 27.
Be5 Rce8 28. Rc1 Rg8 29. Rcc2 Rxe5 30. Rce2 Ree8 31. e4 Rxe4 32. Rhg2+ Kf6 33.
Rxe4 Rxg2+ 34. Kxg2 Qxe4+ 35. Kf2 f4 0-1

[Event "MP 2010-2011"]
[Site "?"]
[Date "2011.03.01"]
[Round "9.6"]
[White "Gavron, Ladislav"]
[Black "Obertan, Milan"]
[Result "1/2-1/2"]
[WhiteElo "1779"]
[BlackElo "1700"]
[PlyCount "46"]
[EventDate "2010.10.20"]

1. e4 c5 2. c3 d6 3. d4 cxd4 4. cxd4 g6 5. Nf3 Bg7 6. Be2 Nc6 7. O-O Qb6 8. Nc3
e6 9. d5 Bxc3 10. bxc3 Nce7 11. Be3 Qc7 12. a4 Nf6 13. Bh6 Rg8 14. Qd4 e5 15.
Qd3 Ng4 16. Be3 Nxe3 17. Qxe3 f5 18. Qh6 fxe4 19. Ng5 Nf5 20. Qxh7 Qxh7 21.
Nxh7 Ke7 22. Ng5 Bd7 23. Nxe4 g5 1/2-1/2

[Event "MP 2010-2011"]
[Site "?"]
[Date "2011.03.01"]
[Round "9.8"]
[White "Benes, Jaroslav"]
[Black "Pavlas, Jaroslav"]
[Result "0-1"]
[WhiteElo "1644"]
[BlackElo "1816"]
[PlyCount "30"]
[EventDate "2010.10.20"]

1. e4 c6 2. d4 d5 3. Nc3 dxe4 4. Nxe4 Bf5 5. Ng3 Bg6 6. h4 h6 7. Nf3 e6 8. h5
Bh7 9. Bd3 Bxd3 10. Qxd3 Nf6 11. Bd2 Bd6 12. O-O-O Nbd7 13. Ne4 Nxe4 14. Qxe4
Nf6 15. Ne5 Nxe4 0-1